All 10k+ Cities in Indonesia - Statistics

General Stats
  • This quiz has been taken 77 times
  • The average score is 50 of 1667
Answers on the Map
Answers color-coded by a green-red scale on the quiz's map according to % correct below.
 
Answer Stats
Province Population Answer % Correct
Jakarta 9,586,705 Jakarta
77%
East Java 2,765,487 Surabaya
77%
Aceh 223,446 Banda Aceh
73%
West Java 2,394,873 Bandung
69%
East Java 10,259 Bandung
69%
Bali 788,589 Denpasar
69%
West Java 2,334,871 Bekasi
65%
West Java 1,738,570 Depok
65%
Central Java 12,410 Depok
65%
West Sumatra 799,750 Padang
65%
West Java 123,431 Banjar
62%
West Java 950,334 Bogor
62%
South Sulawesi 1,331,391 Makassar
62%
North Sumatra 2,097,610 Medan
62%
Central Java 1,520,481 Semarang
62%
Central Java 499,337 Surakarta
62%
Banten 1,798,601 Tangerang
62%
Banten 1,290,322 Tangerang Selatan
62%
Riau Islands 917,998 Batam
58%
Gorontalo 173,951 Gorontalo
58%
Papua 233,859 Jayapura
58%
South Sumatra 1,440,678 Palembang
58%
Moluccas 305,984 Ambon
54%
Lampung 873,007 Bandar Lampung
54%
South Borneo 612,849 Banjarmasin
54%
West Java 296,389 Cirebon
54%
Jambi 515,901 Jambi
54%
East Java 820,243 Malang
54%
West Borneo 554,764 Pontianak
54%
Yogyakarta 388,627 Yogyakarta
54%
East Borneo 526,508 Balikpapan
50%
Bengkulu 296,378 Bengkulu
50%
West Java 541,177 Cimahi
50%
North Sulawesi 394,683 Manado
50%
Central Sulawesi 310,168 Palu
50%
Riau 882,045 Pekanbaru
50%
East Borneo 685,859 Samarinda
50%
Bangka Belitung Islands 12,579 Tanjung
50%
Northern Moluccas 158,418 Ternate
50%
Banten 428,484 Serang
46%
West Java 21,416 Serang
46%
West Java 15,944 Tegal
46%
Central Java 239,599 Tegal
46%
West Sumatra 111,312 Bukittinggi
42%
Central Java 13,940 Kupang
42%
Eastern Lesser Sunda Islands 315,768 Kupang
42%
Aceh 129,251 Lhokseumawe
42%
Western Lesser Sunda Islands 402,843 Mataram
42%
Aceh 19,049 Sabang
42%
West Papua 118,017 Sorong
42%
East Java 170,948 Batu
38%
East Java 268,507 Kediri
38%
Western Lesser Sunda Islands 16,157 Kediri
38%
Southeast Sulawesi 264,673 Kendari
38%
Bali 37,902 Kuta
38%
Lampung 142,733 Metro
38%
Central Borneo 200,608 Palangka Raya
38%
Bangka Belitung Islands 162,930 Pangkal Pinang
38%
Riau Islands 177,396 Tanjung Pinang
38%
Banten 360,125 Cilegon
35%
Riau 173,866 Dumai
35%
Aceh 124,270 Langsa
35%
East Java 120,196 Mojokerto
35%
North Sumatra 234,698 Pematangsiantar
35%
North Borneo 178,854 Tarakan
35%
West Java 578,046 Tasikmalaya
35%
South Borneo 192,309 Banjarbaru
31%
Southeast Sulawesi 106,638 Bau-Bau
31%
East Java 131,968 Blitar
31%
Central Java 21,640 Brebes
31%
East Java 170,964 Madiun
31%
East Java 17,365 Pare
31%
South Sulawesi 125,207 Parepare
31%
East Java 186,262 Pasuruan
31%
Central Java 274,839 Pekalongan
31%
North Sumatra 84,481 Sibolga
31%
West Java 298,681 Sukabumi
31%
Northern Moluccas 34,020 Tidore
31%
North Sulawesi 61,481 Tomohon
31%
North Sulawesi 155,385 Bitung
27%
East Borneo 140,238 Bontang
27%
North Sumatra 35,969 Gunungsitoli
27%
West Sumatra 59,728 Pariaman
27%
East Java 196,957 Probolinggo
27%
Jambi 19,478 Tebing Tinggi
27%
North Sumatra 145,248 Tebing Tinggi
27%
Western Lesser Sunda Islands 112,130 Bima
23%
North Sulawesi 69,698 Kotamobagu
23%
West Sumatra 44,787 Padang Panjang
23%
South Sulawesi 116,152 Palopo
23%
West Sumatra 91,279 Payakumbuh
23%
South Sumatra 121,137 Prabumulih
23%
Central Java 170,332 Salatiga
23%
West Borneo 128,297 Singkawang
23%
Jambi 53,281 Sungai Penuh
23%
Bali 13,379 Gianyar
19%
Banten 11,413 Labuan
19%
South Sumatra 158,824 Lubuklinggau
19%
Central Java 118,227 Magelang
19%
North Sumatra 136,275 Padang Sidempuan
19%
West Sumatra 35,464 Sawahlunto
19%
West Sumatra 58,312 Solok
19%
Aceh 12,837 Subulussalam
19%
East Java 10,100 Jombang
15%
South Sumatra 77,580 Pagar Alam
15%
North Sumatra 154,445 Tanjungbalai
15%
Moluccas 27,821 Tual
15%
Bali 10,873 Ubud
15%
Yogyakarta 15,587 Bantul
12%
North Sumatra 235,450 Binjai
12%
Central Java 17,321 Cilacap
12%
Bali 44,376 Jimbaran
12%
East Java 16,989 Ketapang
12%
Central Borneo 19,059 Ketapang
12%
West Sumatra 12,540 Muaro
12%
Bali 22,947 Tuban
12%
East Java 12,938 Babat
8%
Central Borneo 19,990 Baru
8%
Central Sulawesi 20,504 Baru
8%
East Java 17,387 Blimbing
8%
East Java 10,631 Canggu
8%
West Java 23,990 Cibinong
8%
West Java 12,048 Cibinong
8%
Central Java 14,838 Jaten
8%
East Java 10,591 Jati
8%
East Java 13,525 Kepanjen
8%
Bali 13,815 Kerobokan
8%
West Java 13,349 Kuningan
8%
Papua 13,011 Maro
8%
East Java 15,572 Paciran
8%
West Sumatra 14,425 Painan
8%
Banten 20,335 Pandeglang
8%
Central Java 12,954 Purworejo
8%
West Borneo 13,239 Sampit
8%
West Java 16,841 Situ
8%
West Java 24,728 Tambun
8%
West Java 16,783 Waru
8%
Yogyakarta 13,663 Wates
8%
North Sumatra 13,940 Aek Kanopan
4%
Western Lesser Sunda Islands 12,527 Aikmel
4%
Western Lesser Sunda Islands 11,393 Batu Layar
4%
Central Java 11,431 Batur
4%
Bali 10,299 Bedulu
4%
Bali 39,570 Benoa
4%
East Java 14,955 Besuki
4%
South Sumatra 11,435 Betung
4%
Western Lesser Sunda Islands 11,521 Brang Biji
4%
East Java 13,749 Brondong
4%
Central Java 15,571 Cepu
4%
West Java 19,794 Ciamis
4%
West Java 12,692 Cilamaya
4%
West Java 12,444 Cipayung
4%
West Java 12,120 Cisarua
4%
West Java 16,059 Curug
4%
West Java 10,440 Curug
4%
Bali 30,228 Dalung
4%
West Java 29,832 Duren
4%
West Java 23,219 Gunung Putri
4%
West Java 13,860 Gunung Sari
4%
West Java 12,346 Gunung Sari
4%
North Sumatra 14,157 Hamparan Perak
4%
Western Lesser Sunda Islands 12,976 Jembatan Kembar
4%
West Java 13,377 Jonggol
4%
East Java 11,679 Kandangan
4%
West Java 26,005 Karanganyar
4%
West Java 13,187 Karanganyar
4%
East Java 14,765 Karang Anyar
4%
East Java 11,244 Karanganyar
4%
Bali 15,959 Karangasem
4%
Bali 10,735 Kedonganan
4%
Bali 21,414 Kerobokan Kaja
4%
Central Java 14,585 Klampok
4%
East Java 10,504 Klampok
4%
North Sumatra 19,429 Kota Pinang
4%
Central Java 17,930 Kuripan
4%
Western Lesser Sunda Islands 10,166 Kuripan
4%
Central Java 12,281 Kutoharjo
4%
West Sulawesi 11,618 Labuang
4%
Central Java 21,266 Larangan
4%
West Java 16,797 Lembang
4%
Western Lesser Sunda Islands 13,891 Lembar
4%
West Sumatra 42,614 Lubuk Alung
4%
Papua 14,380 Mandala
4%
Bali 13,120 Mas
4%
Central Borneo 12,203 Nanga Bulik
4%
West Java 29,360 Padalarang
4%
West Java 13,315 Pamanukan
4%
Banten 16,275 Pangkalan
4%
West Sulawesi 11,422 Pasangkayu
4%
East Java 17,411 Patrang
4%
Banten 10,662 Pejaten
4%
North Sumatra 13,440 Percut
4%
Western Lesser Sunda Islands 11,268 Praya
4%
Western Lesser Sunda Islands 13,433 Pringgasela
4%
Central Java 10,168 Puro
4%
Central Java 23,002 Purwodadi
4%
North Sumatra 17,026 Purwodadi
4%
Central Java 17,133 Rengaspendawa
4%
Western Lesser Sunda Islands 14,183 Sakra
4%
West Papua 10,822 Sanggeng
4%
West Sumatra 12,083 Sarilamak
4%
Moluccas 12,452 Saumlaki
4%
Western Lesser Sunda Islands 10,692 Seketeng
4%
Papua 10,042 Serui Kota
4%
North Sumatra 13,076 Simpang Empat
4%
Central Java 14,352 Sitanggal
4%
West Java 10,291 Suci
4%
East Java 22,730 Suci
4%
East Java 13,480 Suko
4%
East Java 13,361 Suko
4%
Yogyakarta 14,997 Suko Harjo
4%
East Borneo 30,370 Tanah Grogot
4%
Western Lesser Sunda Islands 12,638 Tanjung Luar
4%
West Java 23,440 Tanjungpura
4%
East Borneo 17,751 Tanjung Redeb
4%
Central Java 10,608 Tegalglagah
4%
Banten 11,048 Teluk
4%
Central Java 14,469 Teluk
4%
Central Java 12,005 Telukan
4%
Papua 10,662 Tembagapura
4%
Bangka Belitung Islands 13,509 Toboali
4%
Central Java 11,719 Ungaran
4%
Bali 14,221 Ungasan
4%
Western Lesser Sunda Islands 14,992 Wanasaba
4%
Lampung 10,345 Wonodadi
4%
Bali 10,270 Abian Tuwung
0%
West Java 17,793 Adiarsa Barat
0%
West Java 16,701 Adiarsa Timur
0%
Central Java 10,323 Adipala
0%
Central Java 12,128 Adiwerna
0%
North Sumatra 19,654 Aek Batu
0%
Western Lesser Sunda Islands 11,495 Aik Dareq
0%
Western Lesser Sunda Islands 11,663 Aikmel Utara
0%
West Sumatra 22,345 Air Bangis
0%
South Sumatra 11,244 Air Batu
0%
Riau 36,808 Air Jamban
0%
East Java 16,239 Ajung
0%
West Java 20,559 Alamendah
0%
Yogyakarta 22,003 Ambarketawang
0%
East Java 13,875 Ambulu
0%
Central Borneo 14,825 Ampah Kota
0%
West Java 30,729 Andir
0%
East Java 16,311 Andongsari
0%
West Java 12,861 Anggadita
0%
South Borneo 11,665 Angsau
0%
Western Lesser Sunda Islands 13,833 Anjani
0%
West Borneo 18,492 Arang Limbung
0%
Central Java 12,177 Arcawinangun
0%
East Java 10,244 Ardimulyo
0%
Yogyakarta 13,614 Argomulyo
0%
Yogyakarta 12,315 Argorejo
0%
East Java 12,825 Arjowilangun
0%
North Sumatra 15,318 Asam Jawa
0%
East Java 13,730 Asrikaton
0%
Central Borneo 10,011 Baamang Hulu
0%
Central Borneo 32,002 Baamang Tengah
0%
Banten 12,302 Babakan
0%
West Java 14,072 Babakan
0%
West Java 13,000 Babakan
0%
West Java 31,345 Babelan Kota
0%
Riau 14,694 Babussalam
0%
Riau 13,576 Bagan Barat
0%
Riau 33,877 Bagan Batu
0%
Riau 10,730 Bagan Hulu
0%
East Java 11,190 Bagorejo
0%
West Java 80,292 Bahagia
0%
Riau 12,447 Bahtera Makmur
0%
North Sumatra 11,633 Bakaran Batu
0%
Lampung 11,805 Bakauheni
0%
South Sumatra 16,393 Balai Agung
0%
Riau 32,594 Balai Makam
0%
South Sulawesi 11,143 Balangnipa
0%
Central Java 14,046 Balapulang Wetan
0%
Banten 11,178 Bala Raja
0%
Yogyakarta 19,618 Balecatur
0%
Central Java 10,255 Baledono
0%
West Java 55,318 Baleendah
0%
Bali 10,054 Baler Bale Agung
0%
West Java 13,366 Balonggandu
0%
Central Java 12,833 Balun
0%
East Java 12,270 Balung Kulon
0%
East Java 22,683 Balung Lor
0%
East Java 12,671 Bambe
0%
Central Java 10,453 Banaran
0%
Central Java 11,001 Bancarkembar
0%
Lampung 13,664 Bandar Jaya Barat
0%
Lampung 13,642 Bandar Jaya Timur
0%
North Sumatra 38,381 Bandar Khalipah
0%
North Sumatra 34,834 Bandar Klippa
0%
North Sumatra 20,575 Bandar Setia
0%
Riau 13,492 Bangkinang Kota
0%
Riau 13,325 Bangko Sempurna
0%
East Java 15,324 Bangsalsari
0%
Central Java 16,236 Bangsri
0%
Yogyakarta 28,475 Bangunharjo
0%
Yogyakarta 25,032 Bangunjiwo
0%
North Sumatra 11,969 Bangun Rejo
0%
North Sumatra 15,276 Bangun Sari
0%
North Sumatra 10,248 Bangun Sari Baru
0%
Yogyakarta 48,511 Banguntapan
0%
West Java 11,314 Banjaran
0%
West Java 16,211 Banjaran Wetan
0%
Bali 17,534 Banjar Anyar
0%
East Java 15,313 Banjararum
0%
Central Java 10,682 Banjarharjo
0%
Central Java 11,109 Banjarnegoro
0%
West Java 11,362 Banjarwangunan
0%
Central Java 12,292 Bantarbolang
0%
West Java 14,221 Bantarjaya
0%
West Java 10,001 Bantarjaya
0%
Central Java 11,207 Bantarsari
0%
East Java 11,553 Bantur
0%
East Java 13,730 Banyu Ajuh
0%
Central Java 15,396 Banyumudal
0%
Western Lesser Sunda Islands 10,139 Banyumulek
0%
Bali 15,585 Banyuning
0%
Yogyakarta 18,208 Banyuraden
0%
Central Java 14,286 Banyurojo
0%
Western Lesser Sunda Islands 11,214 Barabali
0%
Riau Islands 13,104 Baran
0%
West Java 10,848 Barengkok
0%
West Sumatra 14,525 Baringin
0%
North Sumatra 10,423 Batang Beruh
0%
South Sulawesi 13,075 Batangkaluku
0%
Bali 28,131 Batubulan
0%
Western Lesser Sunda Islands 13,673 Batujai
0%
West Java 14,831 Batujajar Barat
0%
West Java 11,538 Batujajar Timur
0%
West Java 10,594 Batujaya
0%
East Borneo 17,809 Batu Kajang
0%
West Java 11,368 Batukarut
0%
West Java 14,040 Batulawang
0%
South Sumatra 11,007 Batumarta II
0%
Central Java 10,108 Baturan
0%
Yogyakarta 16,564 Baturetno
0%
Central Java 36,442 Batursari
0%
Central Java 13,489 Bawen
0%
Central Java 13,423 Bawu
0%
East Java 15,429 Bedali
0%
Central Java 12,104 Beji
0%
East Java 10,191 Beji
0%
Banten 12,865 Belimbing
0%
Banten 47,170 Bencongan
0%
Banten 14,336 Bencongan Indah
0%
East Java 12,135 Benculuk
0%
West Java 17,685 Benda
0%
Central Java 10,622 Benda
0%
West Java 10,599 Bendungan
0%
West Java 11,132 Benteng
0%
East Java 11,132 Beran
0%
East Java 15,887 Berbek
0%
West Borneo 10,962 Beringin
0%
Central Borneo 14,436 Beriwit
0%
South Borneo 10,453 Bersujud
0%
West Sulawesi 19,032 Binanga
0%
North Sumatra 14,890 Binjai Serbangan
0%
Banten 57,741 Binong
0%
Central Java 19,119 Bintoro
0%
West Java 14,679 Biru
0%
Banten 15,327 Bitung Jaya
0%
East Java 16,903 Blumbungan
0%
East Java 19,068 Bluru Kidul
0%
North Sumatra 10,459 Bogak
0%
Central Java 10,822 Boja
0%
Banten 16,185 Bojong
0%
West Java 18,889 Bojong
0%
West Java 14,403 Bojong
0%
West Java 12,627 Bojong
0%
Central Java 11,255 Bojong
0%
West Java 19,820 Bojong Baru
0%
Central Java 13,075 Bojongbata
0%
West Java 11,432 Bojongemas
0%
West Java 43,272 Bojong Gede
0%
West Java 16,256 Bojongherang
0%
West Java 53,401 Bojong Kulur
0%
West Java 13,406 Bojongkunci
0%
West Java 18,833 Bojongloa
0%
West Java 19,473 Bojongmalaka
0%
Banten 45,781 Bojong Nangka
0%
West Java 21,180 Bojong Nangka
0%
Central Java 10,917 Bojongnangka
0%
West Java 12,607 Bojong Rangkas
0%
Banten 11,525 Bojong Renged
0%
West Java 14,262 Bojongsari
0%
West Java 10,583 Bojong Sempu
0%
West Java 19,773 Bojongsoang
0%
Yogyakarta 11,127 Boko Harjo
0%
South Sulawesi 12,400 Bontoa
0%
South Sulawesi 17,661 Bontoala
0%
South Sulawesi 12,099 Bonto Bontoa
0%
Lampung 10,269 Brantiraya
0%
West Java 16,766 Buahbatu
0%
East Java 11,610 Bugih
0%
Lampung 18,191 Bukit Kemuning
0%
North Sumatra 13,183 Bulu Cina
0%
Central Java 12,088 Bumiayu
0%
West Borneo 10,331 Bumi Emas
0%
Central Java 11,403 Bumijawa
0%
West Java 12,461 Bumiwangi
0%
Banten 17,240 Bunder
0%
West Java 10,658 Bunder
0%
Bali 10,195 Bungkulan
0%
East Java 14,284 Bungurasih
0%
Central Borneo 14,719 Buntok Kota
0%
North Sumatra 15,402 Buntu Bedimbar
0%
West Java 19,664 Burangkeng
0%
South Sulawesi 11,499 Caile
0%
Yogyakarta 10,447 Canden
0%
East Java 17,138 Candirenggo
0%
East Java 13,506 Cangkring
0%
West Java 11,417 Cangkuang
0%
West Java 37,083 Cangkuang Kulon
0%
West Java 18,094 Cangkuang Wetan
0%
Banten 14,832 Cangkudu
0%
Yogyakarta 13,345 Catur Harjo
0%
Yogyakarta 10,646 Caturharjo
0%
Yogyakarta 82,210 Catur Tunggal
0%
Central Java 26,555 Cemani
0%
West Java 11,559 Cempakamekar
0%
Central Java 10,722 Cendono
0%
Banten 13,572 Cengklong
0%
West Java 11,439 Cengkong
0%
West Java 10,764 Ciadeg
0%
Banten 23,522 Ciakar
0%
West Java 11,033 Ciampea
0%
West Java 32,731 Ciangsana
0%
West Java 21,990 Ciantra
0%
West Java 13,597 Ciapus
0%
West Java 13,330 Ciapus
0%
West Java 11,297 Ciasem Baru
0%
West Java 13,908 Ciasem Girang
0%
Banten 11,905 Cibadak
0%
West Java 30,322 Cibadak
0%
West Java 11,082 Cibadak
0%
West Java 26,366 Cibalongsari
0%
West Java 17,298 Cibanteng
0%
West Java 11,918 Cibarusahjaya
0%
West Java 13,630 Cibarusahkota
0%
West Java 15,785 Cibatu
0%
West Java 13,286 Cibening
0%
West Java 28,731 Cibeunying
0%
West Java 15,791 Cibeureum
0%
West Java 14,681 Cibeureum
0%
West Java 10,046 Cibeuteung Udik
0%
West Java 10,357 Cibingbin
0%
West Java 13,724 Cibiru Hilir
0%
West Java 17,158 Cibiru Wetan
0%
West Java 10,113 Cibodas
0%
West Java 10,104 Cibodas
0%
Banten 11,266 Cibogo
0%
West Java 10,879 Cibogo
0%
West Java 10,332 Cibokor
0%
West Java 10,728 Cibolang Kaler
0%
West Java 11,893 Cibunar
0%
West Java 26,491 Cibuntu
0%
West Java 12,281 Ciburial
0%
West Java 16,405 Ciburuy
0%
West Java 11,765 Ciburuy
0%
West Java 41,098 Cicadas
0%
West Java 10,648 Cicadas
0%
West Java 13,723 Cicalengka Wetan
0%
West Java 12,157 Cicurug
0%
West Java 14,135 Cidadap
0%
West Java 10,094 Cidatar
0%
West Java 14,482 Ciderum
0%
Banten 11,255 Cigadung
0%
West Java 21,581 Cigadung
0%
West Java 11,697 Cigondewah Hilir
0%
West Java 12,922 Cigudeg
0%
West Java 13,850 Cigugur Girang
0%
West Java 15,707 Cihampelas
0%
West Java 17,119 Cihanjuang
0%
West Java 10,496 Cihanjuang
0%
West Java 10,382 Cihanjuang Rahayu
0%
West Java 15,471 Ciherang
0%
West Java 13,772 Ciherang
0%
West Java 11,910 Ciherang Pondok
0%
West Java 14,700 Ciheulang
0%
West Java 14,753 Cihideung
0%
West Java 10,389 Cihideung Ilir
0%
West Java 14,144 Cihideung Udik
0%
Banten 11,109 Cijoro Lebak
0%
West Java 26,416 Cijujung
0%
West Java 13,915 Cikahuripan
0%
West Java 10,626 Cikalong
0%
West Java 20,451 Cikampek Barat
0%
West Java 10,282 Cikampek Selatan
0%
West Java 10,681 Cikampek Timur
0%
West Java 17,001 Cikampek Utara
0%
Banten 14,501 Cikande
0%
Banten 11,929 Cikande
0%
West Java 22,303 Cikarang Kota
0%
Banten 20,493 Cikasungka
0%
West Java 11,563 Cikasungka
0%
West Java 10,528 Cikeas
0%
West Java 15,897 Cikeas Udik
0%
West Java 13,187 Cikeruh
0%
West Java 13,047 Cikole
0%
Banten 17,174 Cikupa
0%
Banten 12,418 Cikuya
0%
West Java 11,621 Cikuya
0%
West Java 30,958 Cilame
0%
West Java 20,204 Cilampeni
0%
West Java 27,941 Cilebut Barat
0%
West Java 18,918 Cilebut Timur
0%
West Java 12,343 Cileduk
0%
West Java 23,420 Cileungsi
0%
West Java 36,759 Cileungsi Kidul
0%
West Java 21,313 Cileunyi Kulon
0%
West Java 30,340 Cileunyi Wetan
0%
West Java 11,293 Cililin
0%
West Java 10,374 Ciluluk
0%
West Java 11,581 Ciluncat
0%
West Java 18,867 Cimacan
0%
West Java 24,006 Cimandala
0%
West Java 16,418 Cimanggis
0%
West Java 12,957 Cimareme
0%
West Java 31,403 Cimekar
0%
West Java 10,130 Cinagara
0%
West Java 12,131 Cinangka
0%
West Java 21,690 Cingcin
0%
North Sumatra 12,844 Cinta Rakyat
0%
West Java 45,856 Cinunuk
0%
West Java 13,494 Ciomas
0%
West Java 13,555 Ciomas Rahayu
0%
West Java 15,700 Cipacing
0%
West Java 20,717 Cipagalo
0%
West Java 11,986 Cipaisan
0%
West Java 14,161 Cipaku
0%
West Java 15,435 Cipanas
0%
West Java 11,277 Cipatat
0%
West Java 24,737 Cipayung Datar
0%
West Java 10,655 Cipelang
0%
West Java 18,727 Cipendawa
0%
West Java 13,556 Cipenjo
0%
West Java 11,293 Cipeucang
0%
West Java 11,378 Cipeundeuy
0%
West Java 13,788 Ciptaharja
0%
West Java 18,100 Ciranjang
0%
West Java 10,332 Cirebon Girang
0%
West Java 13,906 Cirimekar
0%
West Java 30,398 Ciriung
0%
Banten 12,078 Cisauk
0%
West Java 36,489 Ciseureuh
0%
West Java 14,327 Citaman
0%
West Java 12,978 Citapen
0%
West Java 17,496 Citarik
0%
West Java 10,290 Citayam
0%
West Java 11,662 Citeko
0%
West Java 11,486 Citepus
0%
West Java 20,577 Citeureup
0%
West Java 18,390 Citeureup
0%
East Java 12,016 Citrodiwangsan
0%
West Java 11,294 Ciwalen
0%
West Java 10,849 Ciwangi
0%
West Java 16,818 Ciwaruga
0%
West Java 14,768 Ciwidey
0%
East Java 10,120 Cluring
0%
West Java 15,611 Cogreg
0%
Yogyakarta 60,568 Condong Catur
0%
Banten 11,683 Cukang Galih
0%
Banten 17,204 Curug Kulon
0%
Banten 12,286 Curug Sangereng
0%
Banten 12,102 Curug Wetan
0%
Riau Islands 10,388 Dabo
0%
Banten 28,624 Dadap
0%
West Java 13,048 Dadap
0%
East Java 24,685 Dampit
0%
West Java 15,436 Dangdeur
0%
Western Lesser Sunda Islands 16,701 Danger
0%
Banten 10,141 Daon
0%
West Sulawesi 10,417 Darma
0%
Bali 10,059 Darmasaba
0%
Western Lesser Sunda Islands 11,431 Dasan Lekong
0%
Bali 12,392 Dauh Peken
0%
West Java 13,591 Dawuan Barat
0%
West Java 19,963 Dawuan Tengah
0%
West Java 13,120 Dawuan Timur
0%
East Java 14,513 Dawuhan
0%
West Java 29,856 Dayeuh
0%
West Java 15,423 Dayeuhkolot
0%
North Sumatra 14,074 Deli Tua
0%
North Sumatra 12,748 Deli Tua
0%
Bali 11,577 Delod Peken
0%
East Java 10,183 Demangan
0%
South Borneo 10,370 Dirgahayu
0%
Central Java 25,315 Donan
0%
East Java 11,175 Donomulyo
0%
West Java 12,348 Dramaga
0%
Banten 14,399 Dukuh
0%
East Java 16,156 Dukuh Dempok
0%
Central Java 10,313 Dukuh Tengah
0%
Central Java 10,105 Dukuhturi
0%
Riau 15,024 Duri Barat
0%
West Java 11,122 Eretan Wetan
0%
North Sumatra 10,781 Firdaus
0%
Lampung 10,247 Gading Rejo
0%
West Java 14,519 Gadobangkong
0%
West Java 10,731 Gadog
0%
Riau 12,115 Gajah Sakti
0%
West Java 18,686 Galanggang
0%
East Java 14,066 Gambiran
0%
East Java 12,610 Gambirono
0%
West Java 15,163 Gandasari
0%
West Java 13,032 Gandasari
0%
West Java 16,503 Gandoang
0%
East Borneo 11,234 Gayam
0%
East Java 25,141 Gebang
0%
Central Sulawesi 10,424 Gebang Rejo
0%
East Java 12,014 Gedangan
0%
Central Java 13,930 Gedanganak
0%
East Java 16,133 Gedangsewu
0%
East Java 18,158 Gedongombo
0%
Banten 35,831 Gelam Jaya
0%
East Java 15,688 Geluran
0%
Banten 11,756 Gembong
0%
East Java 10,544 Gembongan
0%
East Java 12,112 Gempol
0%
Central Java 11,263 Gempolsewu
0%
Central Java 12,108 Gentan
0%
East Java 19,266 Genteng Kulon
0%
East Java 18,756 Genteng Wetan
0%
East Java 12,791 Gerih
0%
Central Java 10,664 Getas Pejaten
0%
Central Java 10,831 Getasrabi
0%
Yogyakarta 14,661 Gilangharjo
0%
West Java 16,290 Gintungkerta
0%
West Java 10,548 Giriasih
0%
West Java 11,021 Girimekar
0%
Lampung 10,285 Gisting Atas
0%
East Java 10,004 Gladak Anyar
0%
East Java 10,258 Gondanglegi Kulon
0%
East Java 12,369 Gondanglegi Wetan
0%
Central Java 14,304 Gondang Manis
0%
Central Java 12,757 Gondosari
0%
Central Java 12,335 Grabag
0%
East Java 14,155 Grajagan
0%
East Java 14,372 Grenden
0%
Central Java 11,438 Grendeng
0%
Central Java 15,401 Grinting
0%
West Java 13,829 Gudangkahuripan
0%
West Sumatra 12,886 Guguak VIII Koto
0%
Central Java 14,983 Gumilir
0%
Central Java 11,726 Gumpang
0%
East Java 13,404 Gumukmas
0%
North Sumatra 11,026 Gung Negeri
0%
Lampung 12,906 Gunung Batin Baru
0%
East Java 11,391 Gunung Gangsir
0%
West Java 11,007 Gununghalu
0%
West Java 11,329 Gunungleutik
0%
West Java 11,760 Gunung Picung
0%
Central Java 11,194 Gunungpring
0%
Western Lesser Sunda Islands 10,971 Gunung Rajak
0%
East Java 16,352 Gunung Sekar
0%
Central Java 13,836 Gunungsimping
0%
West Java 13,010 Gunung Sindur
0%
Yogyakarta 12,024 Guwosari
0%
Central Java 10,093 Guyangan
0%
Central Java 11,386 Hadipolo
0%
Lampung 16,319 Hajimena
0%
Central Borneo 11,760 Hampalit
0%
West Borneo 12,728 Harapan
0%
West Java 23,513 Harapan Jaya
0%
West Java 15,755 Harjamekar
0%
Banten 11,443 Harjatani
0%
West Java 15,212 Haurpanggung
0%
West Java 14,625 Hegarmanah
0%
West Java 11,023 Hegarmanah
0%
West Java 10,780 Hegarmanah
0%
West Java 10,219 Hegarmukti
0%
North Sumatra 19,066 Helvetia
0%
North Sumatra 16,744 Helvetia
0%
West Borneo 11,555 Hilir Kantor
0%
Central Borneo 13,051 Hilir Sper
0%
Papua 14,694 Hinekombe
0%
West Java 10,828 Ilir
0%
Papua 22,201 Inaoga
0%
West Java 12,390 Jagabaya
0%
East Java 14,563 Jajag
0%
West Java 16,527 Jalenjaya
0%
East Java 20,084 Jambewangi
0%
Central Java 11,248 Jambu
0%
West Java 12,492 Jambudipa
0%
West Java 10,972 Jampang
0%
Central Java 11,753 Jaraksari
0%
East Java 11,763 Jarit
0%
Central Java 10,248 Jatibarang Kidul
0%
West Java 18,082 Jatiendah
0%
Banten 12,035 Jatimulya
0%
West Java 78,695 Jatimulya
0%
Lampung 15,473 Jatimulyo
0%
West Java 17,913 Jatireja
0%
East Java 11,270 Jatirejo
0%
East Java 10,528 Jatiroto
0%
West Java 11,531 Jayabakti
0%
West Java 18,587 Jayagiri
0%
West Java 14,818 Jayamekar
0%
West Java 23,273 Jayamukti
0%
West Java 12,880 Jayaraga
0%
West Java 10,872 Jayawaras
0%
Central Java 10,082 Jekulo
0%
West Java 17,561 Jelegong
0%
West Java 21,391 Jelekong
0%
East Java 19,902 Jember Kidul
0%
East Java 19,017 Jember Lor
0%
Central Java 14,967 Jenang
0%
South Sulawesi 15,300 Jenetallasa
0%
East Java 14,994 Jenggawah
0%
Central Java 11,585 Jepang
0%
Central Java 10,291 Jepon
0%
Central Java 11,450 Jetis
0%
Banten 10,195 Jeung Jing
0%
West Java 12,130 Jomin Barat
0%
East Borneo 12,248 Jone
0%
West Java 10,260 Jungjang
0%
West Borneo 12,756 Jungkat
0%
West Java 13,368 Kabasiran
0%
Central Java 10,357 Kabunan
0%
West Java 11,883 Kadipaten
0%
Banten 31,652 Kadu
0%
Banten 18,834 Kadu Jaya
0%
West Java 15,448 Kadumangu
0%
West Papua 13,613 Kaimana Kota
0%
East Java 12,948 Kajarharjo
0%
West Java 11,493 Kalangsari
0%
East Java 11,835 Kalianget Timur
0%
East Java 13,909 Kalibaru Wetan
0%
East Java 10,642 Kaliboto Lor
0%
Central Java 10,345 Kalierang
0%
West Java 11,863 Kalijati Barat
0%
West Java 27,952 Kalijaya
0%
Central Java 11,315 Kalinegoro
0%
East Java 11,892 Kalipare
0%
East Java 12,776 Kalipuro
0%
East Java 13,296 Kalirejo
0%
Central Java 11,323 Kalisapu
0%
East Java 12,032 Kalisat
0%
West Java 16,538 Kalisuren
0%
East Java 12,832 Kalitengah
0%
Yogyakarta 12,403 Kali Tirto
0%
East Java 13,294 Kaliwates
0%
East Java 17,337 Kaliwining
0%
West Java 10,736 Kalongsawah
0%
Eastern Lesser Sunda Islands 10,436 Kambajawa
0%
South Borneo 10,223 Kampung Baru
0%
Banten 11,686 Kampung Besar
0%
Banten 11,305 Kampung Melayu Barat
0%
Banten 18,795 Kampung Melayu Timur
0%
West Java 11,600 Kampungsawah
0%
West Java 10,012 Kampung Sawah
0%
Bali 12,149 Kapal
0%
West Borneo 13,864 Kapuas Kanan Hulu
0%
West Borneo 12,550 Kapur
0%
West Java 27,084 Karadenan
0%
East Borneo 10,765 Karang Ambun
0%
West Java 24,399 Karang Asem Barat
0%
West Java 11,141 Karang Asem Timur
0%
Central Java 14,102 Karangasem Utara
0%
West Java 38,377 Karangasih
0%
West Java 11,215 Karangbaru
0%
Central Java 13,615 Karangdawa
0%
East Java 11,742 Karangdoro
0%
West Java 21,643 Karanggan
0%
Central Java 15,452 Karanggondang
0%
East Java 15,169 Karangharjo
0%
Central Java 10,552 Karangjati
0%
East Java 10,006 Karang Jati
0%
Central Java 12,853 Karangklesem
0%
West Java 28,117 Karangpawitan
0%
Central Java 11,461 Karangpucung
0%
West Java 16,035 Karangraharja
0%
West Java 10,192 Karangrahayu
0%
East Java 16,199 Karangrejo
0%
East Java 10,178 Karangrejo
0%
West Java 10,346 Karangsari
0%
West Java 54,220 Karangsatria
0%
Central Java 10,612 Karangtalun
0%
West Java 15,510 Karangtengah
0%
West Java 22,366 Karawang Kulon
0%
West Java 29,870 Karawang Wetan
0%
West Java 11,122 Karehkel
0%
Banten 23,703 Karet
0%
West Java 10,196 Karihkil
0%
Central Java 15,180 Kartasura
0%
West Java 13,970 Karyasari
0%
Central Java 13,362 Kasepuhan
0%
East Java 12,508 Kasiyan Timur
0%
West Java 13,601 Katapang
0%
West Sumatra 11,973 Katapiang
0%
Central Java 14,575 Kauman
0%
Central Java 11,214 Kayen
0%
Banten 11,131 Kayu Agung
0%
West Java 49,027 Kebalen
0%
East Java 14,096 Kebaman
0%
East Java 13,952 Keboansikep
0%
East Java 14,230 Kebonagung
0%
East Java 11,775 Kebonagung
0%
Central Java 16,375 Kebonbatur
0%
Banten 10,782 Kebon Cau
0%
Central Java 17,011 Kebondalem
0%
East Java 28,334 Kebonsari
0%
Central Java 15,301 Kecapi
0%
North Sumatra 11,315 Kedai Durian
0%
Central Java 10,413 Kedung Dowo
0%
East Java 10,290 Kedunggebang
0%
West Java 10,028 Kedungjaya
0%
West Java 12,631 Kedungpengawas
0%
East Java 27,279 Kedungrejo
0%
East Java 13,459 Kedungrejo
0%
East Java 10,579 Kedungringin
0%
Central Java 10,913 Kedungsari
0%
East Java 12,691 Kedungturi
0%
West Java 25,384 Kedung Waringin
0%
West Java 12,406 Kedungwaringin
0%
Central Java 12,987 Kedungwuni Barat
0%
Central Java 15,579 Kedungwuni Timur
0%
East Java 20,645 Kejapanan
0%
Banten 34,537 Kelapa Dua
0%
Papua 13,809 Kelapa Lima
0%
West Java 17,351 Kelapa Nunggal
0%
Lampung 12,884 Kelapa Tujuh
0%
Eastern Lesser Sunda Islands 11,504 Kel. Mautapaga
0%
Eastern Lesser Sunda Islands 10,212 Kel. Paupire
0%
Jambi 10,360 Kelurahan Dusun Bangko
0%
Jambi 15,029 Kelurahan Pematang Kandis
0%
Jambi 17,138 Kelurahan Wirotho Agung
0%
South Sumatra 14,894 Kemala Raja
0%
West Java 11,707 Kemang
0%
East Java 11,345 Kemantren
0%
East Java 11,665 Kembangan
0%
West Java 15,478 Kembang Kuning
0%
West Java 10,645 Kembangkuning
0%
North Sumatra 22,138 Kenangan
0%
North Sumatra 22,738 Kenangan Baru
0%
East Java 24,905 Kencong
0%
Central Java 10,785 Kendalsari
0%
Banten 11,260 Kendayakan
0%
South Sumatra 25,728 Kenten
0%
East Java 16,189 Kepatihan
0%
Yogyakarta 10,916 Kepek
0%
East Java 20,175 Kepuh Kiriman
0%
East Java 10,016 Kepulungan
0%
East Java 15,237 Kepung
0%
East Java 14,009 Keranjingan
0%
South Borneo 14,135 Keraton
0%
Bali 16,804 Kerobokan Kelod
0%
West Java 10,265 Kersamanah
0%
West Java 16,939 Kertajaya
0%
West Java 10,290 Kertamukti
0%
West Java 21,666 Kertamulya
0%
West Java 10,116 Kertanegara
0%
West Java 10,918 Kertasari
0%
West Java 10,340 Kertasari
0%
West Java 11,668 Kertawangi
0%
East Java 16,394 Kesilir
0%
Bali 11,513 Ketewel
0%
Western Lesser Sunda Islands 10,983 Khusus Kota Selong
0%
Banten 11,052 Kibin
0%
East Java 10,408 Kidul Dalem
0%
Riau Islands 26,441 Kijang Kota
0%
East Java 12,552 Kilensari
0%
North Sumatra 19,503 Klambir Lima Kebon
0%
Central Java 10,221 Klapagading
0%
Central Java 10,930 Klapagading Kulon
0%
Central Java 10,653 Klareyan
0%
East Java 14,172 Klatak
0%
North Sumatra 12,364 Klumpang Kebon
0%
Central Java 11,734 Klumpit
0%
Central Java 18,635 Kluwut
0%
East Java 10,948 Kolor
0%
West Java 15,642 Kondangjaya
0%
Western Lesser Sunda Islands 13,312 Kopang Rembiga
0%
Papua 30,847 Koperapoka
0%
West Java 18,833 Kopo
0%
Banten 13,020 Kosambi Timur
0%
Lampung 11,223 Kota Alam
0%
West Java 23,418 Kota Batu
0%
Lampung 16,103 Kota Gajah
0%
West Java 13,043 Kotakaler
0%
West Java 21,300 Kotakulon
0%
West Java 11,278 Kotakulon
0%
Western Lesser Sunda Islands 11,949 Kotaraja
0%
North Sumatra 10,472 Kota Sidikalang
0%
Eastern Lesser Sunda Islands 11,089 Kota Uneng
0%
West Java 14,859 Kotawetan
0%
Banten 11,711 Kragilan
0%
Central Java 11,362 Krajan Kulon
0%
East Java 12,820 Kramat Jegu
0%
Central Java 10,536 Krapyak
0%
West Borneo 24,564 Kuala Dua
0%
Riau 14,500 Kubang Jaya
0%
Bali 10,919 Kubutambahan
0%
West Sumatra 13,651 Kuranji Hilir
0%
East Java 15,379 Kureksari
0%
Central Java 10,678 Kutabanjarnegara
0%
Banten 31,636 Kuta Baru
0%
Banten 41,198 Kuta Bumi
0%
Banten 28,975 Kuta Jaya
0%
West Java 17,343 Kutajaya
0%
Central Java 12,111 Kutoarjo
0%
Bangka Belitung Islands 12,061 Kuto Panji
0%
North Sumatra 12,791 Kwala Bingai
0%
Papua 30,255 Kwamki
0%
Western Lesser Sunda Islands 12,340 Labuan Sumbawa
0%
West Java 21,157 Lagadar
0%
West Java 15,836 Laksanamekar
0%
West Java 12,135 Laladon
0%
West Java 14,146 Lambangsari
0%
East Java 10,598 Landungsari
0%
West Java 12,308 Langensari
0%
Riau 14,334 Langgini
0%
West Java 14,024 Langonsari
0%
Central Borneo 13,017 Lanjas
0%
South Sulawesi 10,720 Lappa
0%
North Sumatra 10,591 Lau Cimba
0%
North Sumatra 15,054 Laut Dendang
0%
East Java 13,576 Lawang
0%
West Java 10,832 Lebakjaya
0%
Banten 22,083 Lebak Wangi
0%
West Java 11,104 Lebakwangi
0%
Central Java 12,170 Ledug
0%
Banten 11,715 Legok
0%
East Java 12,931 Lemahputro
0%
West Java 15,172 Lengkong
0%
West Java 14,024 Leuwiliang
0%
West Java 13,797 Leuwimekar
0%
West Java 15,929 Leuwinutug
0%
West Java 11,578 Leuwisadeng
0%
West Sumatra 14,131 Lima Kaum
0%
North Sumatra 19,416 Limau Manis
0%
West Borneo 14,357 Limbung
0%
West Java 33,416 Limus Nunggal
0%
West Java 12,019 Linggar
0%
West Sumatra 32,846 Lingkuang Aua
0%
East Borneo 10,603 Loa Duri Ilir
0%
East Borneo 23,480 Loa Ipuh
0%
East Borneo 12,943 Loa Janan Ulu
0%
Western Lesser Sunda Islands 10,584 Loyok
0%
West Java 17,943 Lubangbuaya
0%
West Sumatra 17,713 Lubuk Gadang
0%
West Java 13,114 Lulut
0%
West Java 14,339 Lumpang
0%
Central Java 10,707 Luwungragi
0%
South Sulawesi 11,820 Macege
0%
South Sulawesi 11,022 Macorawalie
0%
Central Borneo 15,127 Madurejo
0%
Yogyakarta 11,669 Madu Rejo
0%
East Java 15,622 Magersari
0%
Yogyakarta 38,712 Maguwoharjo
0%
West Java 12,066 Majakerta
0%
West Java 11,792 Majalaya
0%
West Java 11,350 Majalengka Kulon
0%
Central Java 20,635 Makamhaji
0%
West Java 12,543 Malakasari
0%
Central Java 11,378 Malangjiwan
0%
West Java 11,343 Maleber
0%
West Java 10,181 Maleber
0%
West Java 13,020 Mampir
0%
West Java 11,042 Mandalahaji
0%
West Java 11,261 Mandalamukti
0%
West Java 32,580 Manggahang
0%
West Java 11,279 Manggungharja
0%
West Java 11,152 Manggungjaya
0%
East Java 15,842 Mangli
0%
East Java 17,044 Mangliawan
0%
West Java 70,382 Mangunjaya
0%
West Papua 18,854 Manokwari Barat
0%
Central Java 11,211 Mantingan
0%
Bali 11,319 Manukaya
0%
North Sumatra 21,457 Manunggal
0%
West Java 24,923 Margaasih
0%
West Java 33,782 Margahayu Selatan
0%
West Java 19,185 Margahayu Tengah
0%
West Java 10,189 Margahurip
0%
West Java 14,528 Margajaya
0%
West Java 15,943 Margamukti
0%
West Java 15,681 Margamulya
0%
Banten 13,695 Marga Sari
0%
Central Java 11,482 Margasari
0%
Yogyakarta 11,354 Margomulyo
0%
Yogyakarta 10,073 Margo Rejo
0%
North Sumatra 14,929 Marindal Dua
0%
North Sumatra 29,896 Marindal Satu
0%
East Java 10,274 Martopuro
0%
West Java 14,841 Maruyung
0%
East Java 11,634 Masangan Kulon
0%
Western Lesser Sunda Islands 13,857 Masbagik Selatan
0%
Western Lesser Sunda Islands 11,577 Masbagik Utara
0%
East Java 10,304 Mayangan
0%
Central Java 11,630 Mayong Lor
0%
East Java 13,294 Medaeng
0%
North Sumatra 15,440 Medan Estate
0%
Banten 21,725 Medang
0%
North Sumatra 14,649 Medan Krio
0%
Central Java 14,670 Mejasem Barat
0%
Banten 21,021 Mekar Bakti
0%
West Java 11,547 Mekarjati
0%
West Java 10,919 Mekarjaya
0%
West Java 31,796 Mekarmukti
0%
West Java 12,019 Mekarmukti
0%
West Java 33,001 Mekar Rahayu
0%
Banten 25,017 Mekarsari
0%
West Java 37,233 Mekarsari
0%
West Java 11,198 Mekarsari
0%
West Java 10,707 Mekarsari
0%
West Java 10,201 Mekarsari
0%
North Sumatra 10,313 Mekar Sari
0%
West Java 12,359 Mekarwangi
0%
North Sumatra 14,855 Melati Dua
0%
Bali 10,520 Melaya
0%
Central Borneo 20,074 Melayu
0%
East Borneo 15,365 Melayu
0%
Central Borneo 12,126 Mendawai
0%
Central Java 10,800 Menganti
0%
Central Borneo 20,171 Mentawa Baru Hilir
0%
Central Borneo 15,402 Mentawa Baru Hulu
0%
Lampung 20,740 Merak Batin
0%
Riau Islands 15,010 Meral Kota
0%
Central Java 15,643 Mertasinga
0%
Central Java 13,086 Mertoyudan
0%
East Java 27,797 Mimbaan
0%
Riau 12,930 Minas Jaya
0%
Yogyakarta 12,971 Minomartani
0%
East Java 10,017 Mojosarirejo
0%
Western Lesser Sunda Islands 10,435 Montong Gamang
0%
Central Java 13,770 Mranggen
0%
Banten 19,964 Muara Ciujung Timur
0%
East Borneo 11,595 Muara Jawa Ulu
0%
West Java 18,855 Muka
0%
West Java 10,571 Mukapayung
0%
Lampung 11,519 Mulya Asri
0%
West Java 11,190 Mulyasari
0%
East Java 16,377 Mulyoagung
0%
Yogyakarta 10,621 Mulyodadi
0%
Central Java 22,117 Mulyoharjo
0%
North Sumatra 32,093 Mulyorejo
0%
East Java 12,002 Mumbulsari
0%
West Java 17,475 Munjuljaya
0%
West Sumatra 14,592 Nagari Gadut
0%
West Sumatra 33,819 Nagari Lubuk Basung
0%
West Sumatra 13,250 Nagari Selayo
0%
West Sumatra 12,154 Nagari Sungai Pua
0%
West Sumatra 10,160 Nagari Tanjung Betung
0%
West Sumatra 11,861 Nagari Tiku Selatan
0%
West Java 19,375 Nagasari
0%
West Java 25,494 Nageri Kaler
0%
West Java 15,026 Nageri Kidul
0%
West Java 10,582 Nageri Tengah
0%
West Java 19,948 Nagrak
0%
West Java 13,016 Nagrak
0%
West Java 12,592 Nagrak
0%
West Java 11,028 Nagrak
0%
West Java 13,743 Nagrak Utara
0%
West Java 10,648 Nagrog
0%
Moluccas 13,367 Namaelo
0%
Moluccas 21,841 Namlea
0%
West Java 28,469 Nanggewer
0%
West Java 14,942 Nanggewer Mekar
0%
West Java 15,657 Nanjung
0%
West Java 11,393 Nanjungmekar
0%
Lampung 15,102 Natar
0%
Central Java 12,425 Ngabul
0%
Central Java 10,624 Ngadirejo
0%
East Java 10,175 Ngerong
0%
Yogyakarta 36,217 Ngestiharjo
0%
East Java 15,188 Ngijo
0%
East Java 13,733 Ngingas
0%
Central Java 25,487 Ngringo
0%
East Java 17,097 Ngunut
0%
Yogyakarta 19,135 Nogotirto
0%
North Borneo 11,934 Nunukan Barat
0%
North Borneo 11,486 Nunukan Tengah
0%
North Borneo 14,244 Nunukan Timur
0%
Bangka Belitung Islands 11,683 Paal Satu
0%
East Java 18,902 Pabean
0%
West Java 11,640 Pabeanudik
0%
Central Java 11,894 Pabelan
0%
West Java 76,977 Pabuaran
0%
West Java 39,340 Pabuaran
0%
West Java 11,133 Pabuaran
0%
West Java 11,078 Pabuaran
0%
South Sulawesi 19,900 Paccinongang
0%
West Java 15,372 Padamulya
0%
North Sumatra 11,085 Padang Brahrang
0%
North Sumatra 13,412 Padang Bulan
0%
North Sumatra 12,189 Padang Matingi
0%
West Java 19,156 Padasuka
0%
West Java 17,140 Padasuka
0%
West Java 17,420 Padaulun
0%
Banten 10,246 Pagedangan
0%
East Java 10,022 Pagedangan
0%
West Java 19,796 Pagelaran
0%
East Java 14,729 Pagentan
0%
East Java 10,843 Pagerwojo
0%
West Java 33,361 Pakansari
0%
East Java 10,303 Pakisjajar
0%
Banten 23,925 Pakulonan Barat
0%
West Java 17,143 Pakutandang
0%
West Java 16,357 Palasari
0%
Yogyakarta 12,689 Palbapang
0%
East Java 13,484 Paleran
0%
West Java 11,520 Palimanan Barat
0%
West Java 19,286 Palumbonsari
0%
Central Java 14,212 Palur
0%
West Java 12,790 Pamager Sari
0%
West Java 12,989 Pamekaran
0%
West Java 11,781 Pamengkang
0%
West Java 10,384 Pamijahan
0%
West Java 14,572 Pamoyanan
0%
West Java 13,629 Pancawati
0%
Western Lesser Sunda Islands 15,819 Pancor
0%
Riau 27,158 Pandau Jaya
0%
East Java 10,306 Pandesari
0%
Yogyakarta 10,766 Pandowo Harjo
0%
West Java 11,630 Panenjoan
0%
West Java 20,507 Pangalengan
0%
West Java 14,353 Pangauban
0%
West Java 11,421 Pangauban
0%
Yogyakarta 32,620 Panggungharjo
0%
Riau 26,492 Pangkalan Kerinci Kota
0%
Riau 30,512 Pangkalan Kerinci Timur
0%
Bangka Belitung Islands 11,388 Pangkal Lalang
0%
West Java 13,041 Pangulah Selatan
0%
West Java 14,295 Pangulah Utara
0%
Banten 14,787 Panimbangjaya
0%
West Java 10,182 Panjalin Kidul
0%
West Java 10,408 Panjalu
0%
Central Java 10,120 Panjer
0%
Banten 14,096 Panongan
0%
West Java 10,989 Panyadap
0%
West Java 10,830 Panyocokan
0%
Western Lesser Sunda Islands 13,518 Paok Motong
0%
Banten 12,339 Parahu
0%
West Java 10,648 Parakan Jaya
0%
Central Java 10,483 Parakan Kauman
0%
West Java 12,887 Parakan Muncang
0%
Bangka Belitung Islands 23,638 Parit Padang
0%
West Java 16,280 Parung
0%
West Java 18,265 Parung Panjang
0%
West Java 10,503 Parungseah
0%
Banten 15,717 Pasanggrahan
0%
West Java 11,208 Pasanggrahan Baru
0%
West Sumatra 13,216 Pasar Baru
0%
Central Java 18,680 Pasar Batang
0%
West Java 10,540 Pasarean
0%
North Sumatra 12,333 Pasar Gunung Tua
0%
Banten 18,983 Pasar Kemis
0%
South Sumatra 10,424 Pasar Lama
0%
South Sumatra 12,939 Pasar Muaradua
0%
South Sumatra 10,219 Pasar Tanjung Enim
0%
West Java 12,055 Pasawahan
0%
West Java 37,930 Pasir Angin
0%
West Java 11,735 Pasir Eurih
0%
Banten 17,183 Pasir Gadung
0%
West Java 32,040 Pasirgombong
0%
West Java 12,757 Pasirhalang
0%
East Java 13,997 Pasirian
0%
West Java 11,777 Pasir Jambu
0%
Banten 19,957 Pasir Jaya
0%
West Java 14,709 Pasirkareumbi
0%
West Java 12,284 Pasirlaja
0%
West Java 10,115 Pasir Mukti
0%
Banten 18,387 Pasir Nangka
0%
West Java 29,657 Pasirsari
0%
Central Java 10,486 Pasuruhan Lor
0%
East Java 12,088 Patokan
0%
West Java 10,495 Patrol
0%
North Sumatra 16,014 Patumbak Kampung
0%
North Sumatra 19,249 Paya Geli
0%
Central Java 10,711 Pedurungan
0%
East Java 16,054 Pejagan
0%
North Sumatra 10,724 Pekan Selesai
0%
North Sumatra 11,145 Pekan Tanjung Beringin
0%
North Sumatra 11,994 Pekan Tanjung Pura
0%
West Java 32,310 Pelabuhanratu
0%
South Borneo 10,348 Pelaihari
0%
Banten 11,785 Pelawad
0%
Central Java 23,576 Pelutan
0%
West Borneo 12,079 Pemangkat Kota
0%
Riau 21,951 Pematang Pudu
0%
East Borneo 11,822 Penajam
0%
Bali 10,223 Penarukan
0%
Bali 10,207 Pendem
0%
Yogyakarta 22,414 Pendowoharjo
0%
West Java 11,312 Pengasinan
0%
West Borneo 11,804 Penjajap
0%
South Sulawesi 12,102 Penrang
0%
East Java 12,366 Pepe
0%
East Java 16,059 Pepelegi
0%
Riau 39,178 Perawang
0%
Riau 20,530 Perawang Barat
0%
Bangka Belitung Islands 11,032 Perawas
0%
North Sumatra 11,395 Perdamaian
0%
Western Lesser Sunda Islands 11,347 Peresak
0%
East Java 14,074 Pesanggaran
0%
Central Java 14,564 Pesantunan
0%
Central Java 11,957 Pesarean
0%
Central Java 18,484 Petarukan
0%
Banten 12,468 Pete
0%
East Java 16,971 Petiken
0%
West Java 12,755 Petir
0%
West Java 12,817 Pinayungan
0%
Banten 13,293 Pisangan Jaya
0%
Central Java 10,032 Plantaran
0%
Yogyakarta 11,979 Pleret
0%
East Java 10,031 Pogar
0%
Yogyakarta 11,942 Poncosari
0%
West Java 10,973 Pondok Kaso Landeuh
0%
West Java 15,649 Pondok Rajeg
0%
East Java 10,852 Ponggok
0%
East Java 11,050 Pontang
0%
Yogyakarta 12,299 Potorono
0%
Western Lesser Sunda Islands 11,743 Prapen
0%
Western Lesser Sunda Islands 16,621 Pringgarata
0%
East Java 12,982 Pringgowirawan
0%
Central Java 11,511 Protomulyo
0%
East Java 14,436 Prunggahan Kulon
0%
North Sumatra 18,705 Psr Sibuhuan
0%
Central Java 12,753 Pucangan
0%
West Java 18,837 Pucung
0%
East Java 14,730 Puger Kulon
0%
East Java 10,469 Puger Wetan
0%
North Sumatra 10,938 Puji Mulyo
0%
Riau 18,293 Pulau Kijang
0%
East Java 16,259 Pulau Mandangin
0%
Central Java 10,416 Pulisen
0%
West Java 12,151 Purwadana
0%
West Java 20,900 Purwasari
0%
West Java 15,108 Purwawinangun
0%
Central Java 10,992 Purwoharjo
0%
Central Java 12,099 Purwokerto Lor
0%
Yogyakarta 34,342 Purwo Martani
0%
West Java 10,025 Pusakajaya
0%
West Java 14,182 Pusakarakyat
0%
West Java 19,334 Puspanegara
0%
West Java 17,014 Puspasari
0%
West Java 12,544 Putat Nutug
0%
Western Lesser Sunda Islands 11,009 Puyung
0%
West Java 12,272 Rabak
0%
West Java 24,648 Ragajaya
0%
West Java 25,845 Rahayu
0%
West Java 15,758 Rajamandala Kulon
0%
Banten 11,857 Rajeg
0%
East Java 10,677 Rambipuji
0%
Riau Islands 12,498 Ranai Kota
0%
West Java 10,850 Rancabango
0%
West Java 12,659 Rancaekek Kulon
0%
West Java 42,579 Rancaekek Wetan
0%
Banten 13,040 Rancagong
0%
Banten 10,415 Ranca Iyuh
0%
West Java 11,181 Rancakasumba
0%
West Java 29,258 Rancamanyar
0%
West Java 11,854 Rancamulya
0%
West Java 10,958 Rancapanggung
0%
East Java 15,313 Randuagung
0%
East Java 13,630 Randuagung
0%
Central Java 19,949 Randudongkal
0%
Banten 11,755 Ranjeng
0%
West Java 12,809 Rawakalong
0%
West Java 37,210 Rawa Panjang
0%
Banten 12,743 Rawa Rengas
0%
West Java 12,014 Regol
0%
West Java 22,093 Rengasdengklok Selatan
0%
West Java 18,364 Rengasdengklok Utara
0%
Western Lesser Sunda Islands 10,924 Rensing
0%
Papua 16,951 Rimba Jaya
0%
West Sulawesi 10,378 Rimuku
0%
East Java 10,825 Rogojampi
0%
West Java 11,865 Sabandar
0%
West Java 11,323 Sadeng
0%
West Java 11,853 Sadengkolot
0%
North Sumatra 16,219 Saentis
0%
Banten 24,877 Saga
0%
Banten 16,832 Salembaran
0%
South Sulawesi 10,654 Samalewa
0%
North Sumatra 27,838 Sampali
0%
Western Lesser Sunda Islands 12,632 Sandik
0%
East Borneo 31,824 Sangatta Utara
0%
Central Java 12,488 Sanggrahan
0%
West Java 24,465 Sangkanhurip
0%
West Java 13,730 Sanja
0%
East Java 15,841 Saptorenggo
0%
Yogyakarta 21,507 Sardonoharjo
0%
Yogyakarta 23,903 Sari Harjo
0%
West Java 13,792 Sarimulya
0%
West Java 16,361 Sariwangi
0%
Banten 10,587 Saruni
0%
West Java 27,766 Sasak Panjang
0%
West Java 15,594 Satriajaya
0%
Central Java 11,002 Sawahan
0%
West Java 13,782 Sawah Gede
0%
Central Java 10,226 Sawojajar
0%
East Java 16,965 Sawotratap
0%
West Java 34,212 Sayang
0%
West Java 34,136 Sayati
0%
Riau 13,770 Sebangar
0%
East Java 11,526 Sedati Gede
0%
East Java 13,958 Sedayulawas
0%
West Java 14,071 Segarajaya
0%
West Java 16,567 Segaramakmur
0%
North Sumatra 16,057 Sei Mencirim
0%
North Sumatra 12,026 Sei Rampah
0%
North Sumatra 25,474 Sei Rotan
0%
North Sumatra 25,967 Sei Semayang
0%
East Java 13,239 Sekarpuro
0%
Western Lesser Sunda Islands 10,266 Sekarteja
0%
West Java 12,020 Sekarwangi
0%
North Sumatra 17,597 Sekip
0%
South Borneo 11,255 Sekumpul
0%
West Java 10,307 Selacau
0%
Central Borneo 11,979 Selat Hulu
0%
Riau 10,340 Selat Panjang Kota
0%
Riau 14,298 Selat Panjang Timur
0%
Central Borneo 16,895 Selat Tengah
0%
Yogyakarta 10,280 Seloharjo
0%
Yogyakarta 11,472 Selo Martani
0%
South Borneo 10,194 Semangat Dalam
0%
Yogyakarta 14,931 Semanu
0%
South Borneo 15,760 Semayap
0%
East Java 11,841 Semboro
0%
East Java 10,056 Sempusari
0%
Yogyakarta 17,534 Sendangadi
0%
Yogyakarta 17,203 Sendang Tirto
0%
Central Java 12,579 Sengon
0%
Papua 14,892 Sentani Kota
0%
Banten 11,409 Sentul
0%
Banten 10,427 Sentul
0%
West Java 15,646 Sentul
0%
East Java 12,958 Sepanjang
0%
Banten 10,887 Sepatan
0%
West Java 10,652 Serangmekar
0%
South Sumatra 11,241 Serasan Jaya
0%
North Sumatra 10,053 Serbelawan
0%
Banten 13,629 Serdang Wetan
0%
West Java 15,415 Sertajaya
0%
Western Lesser Sunda Islands 11,108 Sesela
0%
East Java 14,391 Setail
0%
West Java 31,087 Setia Asih
0%
West Java 19,009 Setiadarma
0%
West Java 60,877 Setiamekar
0%
West Java 13,706 Setu Sari
0%
Central Java 10,702 Sidakaya
0%
Central Java 31,615 Sidanegara
0%
Yogyakarta 16,968 Sidoarum
0%
West Sulawesi 10,377 Sidodadi
0%
North Sumatra 12,503 Sidodadi Ramunia
0%
East Java 16,544 Sidokare
0%
Yogyakarta 11,148 Sidokarto
0%
East Java 12,284 Sidokepung
0%
East Java 10,051 Sidokerto
0%
East Java 10,945 Sidokumpul
0%
East Java 11,854 Sidomekar
0%
Yogyakarta 12,318 Sidomulyo
0%
East Java 12,311 Sidorejo
0%
Central Borneo 15,315 Sidorejo
0%
North Sumatra 10,756 Sigara Gara
0%
Western Lesser Sunda Islands 10,692 Sikur
0%
Central Java 11,026 Sima
0%
West Java 27,420 Simpangan
0%
North Sumatra 11,385 Simpang Tiga Pekan
0%
North Sumatra 12,404 Sinaksak
0%
Central Java 12,233 Sinanggul
0%
Bangka Belitung Islands 11,407 Sinar Baru
0%
West Java 12,831 Sindangjaya
0%
West Java 17,971 Sindangkasih
0%
West Java 17,303 Sindanglaya
0%
West Java 26,628 Sindangmulya
0%
Banten 12,867 Sindang Panon
0%
West Java 13,066 Sindangpanon
0%
West Java 10,362 Sindangrasa
0%
Banten 29,659 Sindang Sari
0%
West Java 11,837 Sindangsari
0%
Yogyakarta 47,875 Sinduadi
0%
Yogyakarta 19,168 Sinduharjo
0%
West Java 11,910 Singajaya
0%
West Java 10,816 Sipak
0%
Papua 11,764 Siriwini
0%
West Java 12,848 Sirnabaya
0%
West Java 21,873 Sirnagalih
0%
West Java 15,251 Sirnagalih
0%
Yogyakarta 17,534 Sitimulyo
0%
Banten 20,167 Situterate
0%
West Java 12,752 Situ Udik
0%
Moluccas 20,276 Siwalima
0%
West Java 12,982 Soklat
0%
West Java 16,636 Solokanjeruk
0%
West Java 12,154 Solokpandan
0%
East Java 11,837 Sooko
0%
West Java 18,374 Soreang
0%
Central Java 16,302 Sragen Kulon
0%
Central Java 15,327 Sragen Wetan
0%
West Java 17,047 Sriamur
0%
Yogyakarta 12,668 Srihardono
0%
Yogyakarta 15,402 Srimartani
0%
Bangka Belitung Islands 11,975 Srimenanti
0%
Yogyakarta 15,724 Srimulyo
0%
Central Java 12,412 Sriwulan
0%
Bali 15,048 Subagan
0%
East Java 11,313 Suco
0%
Central Java 15,731 Sugihwaras
0%
Banten 14,756 Sukaasih
0%
Banten 16,596 Suka Bakti
0%
Banten 21,033 Suka Damai
0%
West Java 24,665 Sukadami
0%
West Java 34,078 Sukadanau
0%
West Java 13,356 Sukagalih
0%
Banten 14,529 Suka Harja
0%
West Java 15,384 Sukaharja
0%
West Java 13,137 Sukaharja
0%
West Borneo 11,860 Sukaharja
0%
West Java 26,103 Sukahati
0%
West Java 10,742 Sukahati
0%
South Sumatra 25,485 Sukajadi
0%
West Java 13,800 Sukajaya
0%
West Java 12,890 Sukajaya
0%
West Java 19,175 Sukaluyu
0%
West Java 20,662 Sukamaju
0%
West Java 19,920 Sukamaju
0%
West Java 10,306 Sukamakmur
0%
North Sumatra 11,223 Suka Makmur
0%
Banten 13,110 Suka Manah
0%
West Java 18,300 Sukamanah
0%
West Java 13,719 Sukamanah
0%
West Java 13,355 Sukamanah
0%
West Java 12,909 Sukamanah
0%
West Java 23,570 Sukamandijaya
0%
Banten 26,596 Sukamantri
0%
West Java 17,408 Sukamantri
0%
West Java 16,626 Sukamantri
0%
West Java 15,684 Sukamantri
0%
West Java 15,971 Sukamelang
0%
West Java 27,832 Sukamenak
0%
South Sumatra 13,112 Sukamoro
0%
West Java 12,914 Sukamukti
0%
West Java 12,733 Sukamukti
0%
Banten 21,335 Suka Mulya
0%
West Java 15,441 Sukamulya
0%
West Java 13,943 Sukamulya
0%
West Java 11,159 Sukamulya
0%
West Java 10,458 Sukamulya
0%
West Java 19,311 Sukanagalih
0%
Banten 11,254 Suka Nagara
0%
West Java 13,316 Sukapura
0%
West Java 34,649 Sukaragam
0%
West Java 15,055 Sukaraja
0%
Banten 10,715 Sukaratu
0%
West Java 34,360 Sukaraya
0%
West Java 23,712 Sukaresmi
0%
West Java 14,389 Sukaresmi
0%
West Java 11,820 Sukarukun
0%
West Java 29,047 Sukasari
0%
West Java 11,281 Sukasari
0%
West Java 13,339 Sukasirna
0%
Banten 19,386 Suka Tani
0%
West Java 11,732 Sukatani
0%
West Java 11,191 Sukatani
0%
West Java 10,167 Sukataris
0%
Bali 12,572 Sukawati
0%
Central Java 11,872 Sukolilo
0%
East Java 11,464 Sukorejo
0%
East Java 10,027 Sukorejo
0%
East Java 10,407 Sukowono
0%
Central Java 10,438 Sumampir
0%
Yogyakarta 14,411 Sumberadi
0%
Yogyakarta 13,706 Sumber Agung
0%
Yogyakarta 10,724 Sumber Agung
0%
East Java 16,747 Sumberberas
0%
Yogyakarta 12,592 Sumber Harjo
0%
West Java 73,396 Sumberjaya
0%
East Java 11,022 Sumberkedawung
0%
East Java 13,095 Sumber Kolak
0%
North Sumatra 11,373 Sumber Melati Diski
0%
West Java 10,096 Sumbermulya
0%
East Java 10,743 Sumber Mulyo
0%
Yogyakarta 14,391 Sumbermulyo
0%
East Java 10,446 Sumberpucung
0%
North Sumatra 24,937 Sumber Rejo Timur
0%
West Java 14,969 Sumbersari
0%
East Java 36,071 Sumbersari
0%
East Java 10,431 Sumput
0%
West Java 14,186 Sundawenang
0%
West Sumatra 14,979 Sungai Buluh
0%
South Borneo 20,985 Sungai Danau
0%
Riau Islands 17,603 Sungai Lakam
0%
Bangka Belitung Islands 21,414 Sungailiat
0%
South Sumatra 14,692 Sungai Lilin
0%
South Borneo 12,447 Sungai Lulut
0%
South Borneo 10,186 Sungai Paring
0%
West Borneo 17,163 Sungai Pinyuh
0%
West Borneo 62,010 Sungai Raya
0%
West Borneo 11,844 Sungai Ringin
0%
West Sumatra 14,614 Sungai Sariak
0%
North Sumatra 10,933 Sunggal Kanan
0%
Central Java 12,950 Suradadi
0%
Banten 24,502 Suradita
0%
West Java 17,766 Susukan
0%
West Java 10,613 Sutawinangun
0%
Central Java 10,462 Suwawal
0%
East Borneo 11,210 Swarga Bara
0%
Central Java 13,736 Tahunan
0%
West Java 11,752 Tajur
0%
West Java 17,725 Tajur Halang
0%
Banten 17,730 Talaga
0%
Banten 19,310 Talaga Sari
0%
Banten 10,875 Talagasari
0%
West Java 12,374 Talagasari
0%
Riau 17,869 Talang Mandi
0%
Central Java 12,837 Taman
0%
Central Java 10,145 Tamanagung
0%
Yogyakarta 12,954 Tamanan
0%
Yogyakarta 14,611 Taman Martani
0%
West Java 10,832 Taman Rahayu
0%
West Java 12,615 Taman Sari
0%
West Java 12,406 Taman Sari
0%
Yogyakarta 25,748 Tamantirto
0%
South Sulawesi 13,019 Tamarunang
0%
Banten 16,071 Tambak
0%
Central Java 23,174 Tambakreja
0%
East Java 19,324 Tambak Rejo
0%
East Java 10,392 Tambak Rejo
0%
East Java 10,755 Tambak Sawah
0%
East Java 10,982 Tambak Sumur
0%
Bali 10,479 Tampaksiring
0%
South Sumatra 15,295 Tanah Mas
0%
Riau 18,318 Tanah Merah
0%
North Sumatra 11,315 Tandam Hilir Satu
0%
East Java 12,469 Tanggul Kulon
0%
East Java 15,979 Tanggul Wetan
0%
West Java 34,001 Tanimulya
0%
Lampung 13,314 Tanjung Aman
0%
Riau Islands 10,084 Tanjung Balai Karimun
0%
West Java 15,383 Tanjungbaru
0%
Riau Islands 14,787 Tanjung Batu Kota
0%
South Sumatra 12,566 Tanjung Enim
0%
North Sumatra 29,303 Tanjung Gusta
0%
Bangka Belitung Islands 10,148 Tanjung Ketapang
0%
West Java 11,340 Tanjunglaya
0%
West Java 15,844 Tanjungmekar
0%
North Sumatra 13,514 Tanjung Morawa A
0%
North Sumatra 14,709 Tanjung Morawa B
0%
West Borneo 13,188 Tanjung Puri
0%
Central Java 10,288 Tanjung Rejo
0%
East Java 14,904 Tanjung Rejo
0%
North Sumatra 10,280 Tanjung Sari
0%
North Borneo 21,570 Tanjung Selor Hilir
0%
Central Java 10,267 Taraban
0%
Riau 14,930 Tarai Bangun
0%
West Java 10,459 Tarajusari
0%
West Java 19,927 Tarikolot
0%
West Java 13,949 Tarumajaya
0%
East Java 11,001 Tasikmadu
0%
East Java 14,116 Tebel
0%
East Java 30,280 Tegal Besar
0%
West Java 11,581 Tegalgubug Lor
0%
East Java 10,799 Tegalharjo
0%
Central Java 16,409 Tegalkamulyan
0%
West Java 13,162 Tegalmunjul
0%
Central Java 11,827 Tegalrejo
0%
South Sumatra 12,959 Tegal Rejo
0%
East Java 10,703 Tegalsari
0%
Yogyakarta 11,391 Tegal Tirto
0%
Bali 11,623 Tejakula
0%
Bangka Belitung Islands 13,590 Teladan
0%
West Java 31,906 Telaga Asih
0%
West Java 43,777 Telagamurni
0%
West Java 20,629 Telajung
0%
West Java 18,951 Telukjambe
0%
West Borneo 11,957 Teluk Kapuas
0%
East Borneo 19,727 Teluk Lingga
0%
Banten 13,673 Teluk Naga
0%
Riau 17,016 Tembilahan Hilir
0%
Riau 30,344 Tembilahan Hulu
0%
Riau 23,968 Tembilahan Kota
0%
East Java 28,775 Tembokrejo
0%
East Java 11,581 Temboro
0%
North Sumatra 50,932 Tembung
0%
Eastern Lesser Sunda Islands 10,589 Tenda
0%
West Java 12,127 Tengah
0%
Central Java 11,344 Tengguli
0%
West Java 10,687 Tenjo
0%
West Java 12,498 Tenjolaya
0%
East Java 12,742 Tertek
0%
West Borneo 10,484 Terusan
0%
Western Lesser Sunda Islands 10,053 Tetebatu
0%
Bali 14,366 Tibubeneng
0%
East Borneo 13,252 Timbau
0%
Yogyakarta 20,859 Timbulharjo
0%
Papua 11,317 Timika Jaya
0%
Yogyakarta 15,733 Tirto Martani
0%
Yogyakarta 23,874 Tirtonirmolo
0%
Riau 15,141 Titian Antui
0%
West Java 48,694 Tlajung Udik
0%
Yogyakarta 11,884 Tlogoadi
0%
Banten 13,507 Tobat
0%
South Sulawesi 14,463 Tombolo
0%
South Sulawesi 10,383 Tompobalang
0%
East Java 14,376 Tompokersan
0%
East Java 14,507 Tonjung
0%
West Sulawesi 12,496 Totoli
0%
East Java 11,177 Toyomarto
0%
Yogyakarta 13,926 Tridadi
0%
West Java 31,452 Tridayasakti
0%
Yogyakarta 17,856 Trihanggo
0%
Yogyakarta 16,171 Triharjo
0%
Yogyakarta 11,973 Triharjo
0%
Yogyakarta 16,630 Trimurti
0%
Yogyakarta 16,756 Trirenggo
0%
Central Java 18,720 Tritih Kulon
0%
East Java 22,116 Tropodo
0%
Central Java 19,647 Troso
0%
Riau 21,071 Tualang
0%
West Java 14,087 Tugu Jaya
0%
West Java 17,097 Tugu Selatan
0%
West Java 10,095 Tugu Utara
0%
West Java 11,021 Tukmudal
0%
Central Java 13,667 Tulakan
0%
Moluccas 17,272 Tulehu
0%
East Java 16,449 Tulungrejo
0%
East Java 16,248 Tulungrejo
0%
East Java 12,411 Tumpang
0%
West Java 16,467 Tunggakjati
0%
East Java 10,492 Tunggalpager
0%
Jambi 15,251 Tungkal Harapan
0%
Jambi 19,584 Tungkal II
0%
Jambi 16,266 Tungkal III
0%
Jambi 11,732 Tungkal IV Kota
0%
East Java 12,975 Turen
0%
Central Sulawesi 10,005 Tuweley
0%
Riau 16,393 Ujung Batu
0%
Yogyakarta 11,200 Umbulmartani
0%
West Java 17,969 Wadas
0%
East Java 12,820 Wadungasri
0%
East Java 19,889 Wage
0%
East Java 13,933 Wajak
0%
West Java 15,663 Waluya
0%
West Java 10,656 Waluya
0%
Papua 31,724 Wamena Kota
0%
West Java 32,107 Wanaherang
0%
West Java 37,327 Wanajaya
0%
Banten 16,332 Wana Kerta
0%
Central Java 10,137 Wanarejan Selatan
0%
West Java 97,376 Wanasari
0%
West Java 16,974 Wancimekar
0%
West Java 13,215 Wangisagara
0%
West Java 10,110 Wangunsari
0%
West Java 19,470 Wargamekar
0%
West Java 12,628 Waringin Jaya
0%
East Java 12,431 Waru Barat
0%
West Java 15,895 Warujaya
0%
East Java 17,805 Warujayeng
0%
West Java 12,071 Warungbambu
0%
Central Java 14,583 Warungpring
0%
Lampung 12,719 Way Huwi
0%
Lampung 13,792 Way Urang
0%
Yogyakarta 26,878 Wedomartani
0%
East Java 14,248 Wedoro
0%
Yogyakarta 10,414 Wijirejo
0%
Yogyakarta 13,203 Wirokerten
0%
East Java 12,222 Wirolegi
0%
Yogyakarta 13,404 Wonokromo
0%
Central Java 13,854 Wonorejo
0%
East Java 13,398 Wonorejo
0%
North Sumatra 10,755 Wono Sari
0%
Yogyakarta 15,599 Wukirsari
0%
East Java 16,450 Yosorati
0%
East Java 13,357 Yosowilangun
0%
Lampung 16,376 Yukum Jaya
0%
No matching quizzes found
Score Distribution
Percent of People with Each Score
Percentile by Number Answered
Your Score History
You have not taken this quiz